000 01019nam a22002537a 4500
999 _c64640
_d64640
005 20240530110742.0
008 180926s2017 ua a g 000 0 ara d
017 _a2016/4623
_bمصر. دار الكتب
020 _a9789777354196
040 _aEG-CaGPL
_cEG-CaGPL
082 0 4 _221
_a375.001/
_bا ب
100 0 _aامال عبدالحميد
245 1 0 _aبناء المناهج الدراسية فى اطار التوافق النفسى والتكييف الاجتماعى للطلبة المراهقين /
_cامال عبدالحميد
250 _aط. 1
260 _aالاسكندرية :
_bدار الوفاء لدنيا الطباعة و النشر ،
_c2017.
300 _a395 ص. :
_bايض. ؛
_c24 سم.
650 0 7 _2qrmak
_aالتعليم
_xمناهج
650 0 7 _2qrmak
_aالمناهج
_xتخطيط
650 0 7 _2qrmak
_aالمناهج
_xتطوير
650 0 7 _2qrmak
_aالمراهقون
_xتعليم
651 _2qrmak
942 _2ddc
_cBK